000 00437nam a22001817a 4500
003 MPLRDC
005 20220104161233.0
008 210129b ||||| |||| 00| 0 eng d
020 _a988-211-527-6
082 _a855 YSC
100 _a余世存 编
245 _a非常道
_c
250 _a初版
260 _a香港
_b天地图书有限公司
_c2006
300 _b538
650 _a散文;随笔、日记
942 _cBK
_o855 YSC
999 _c55378
_d55368